Statistics for Top Five States by Random Categories

Click here to take the quiz!

General Stats

  • This quiz has been taken 223 times
  • The average score is 27 of 30

Answer Stats

CategoryCountry% Correct
First AlphabeticallyAlabama
100%
Greatest % of African-American ResidentsAlabama
100%
First AlphabeticallyAlaska
100%
States With Least Populous CapitalAlaska
100%
Greatest % of Native American ResidentsAlaska
100%
Lowest Population DensityAlaska
100%
Largest AreaAlaska
100%
Smallest PopulationAlaska
100%
Youngest Median AgeAlaska
100%
First AlphabeticallyArizona
100%
Most DesertArizona
100%
States With Most Populous CapitalArizona
100%
Longest CoastlineCalifornia
100%
Largest AreaCalifornia
100%
Most DesertCalifornia
100%
Biggest CityCalifornia
100%
Greatest % of ImmigrantsCalifornia
100%
Largest PopulationCalifornia
100%
Smallest AreaConnecticut
100%
Smallest AreaDelaware
100%
Longest CoastlineFlorida
100%
Oldest Median AgeFlorida
100%
Greatest % of ImmigrantsFlorida
100%
Largest PopulationFlorida
100%
Smallest AreaHawaii
100%
Biggest CityIllinois
100%
Most FarmlandKansas
100%
Greatest % of African-American ResidentsLouisiana
100%
Longest International BorderMaine
100%
Longest CoastlineMaine
100%
Greatest % of African-American ResidentsMississippi
100%
Greatest % of ImmigrantsNevada
100%
Greatest % of White ResidentsNew Hampshire
100%
Greatest % of ImmigrantsNew Jersey
100%
Largest AreaNew Mexico
100%
Most DesertNew Mexico
100%
Greatest % of ImmigrantsNew York
100%
Biggest CityNew York
100%
Largest PopulationNew York
100%
Most FarmlandNorth Dakota
100%
States With Most Populous CapitalOhio
100%
Greatest % of Native American ResidentsOklahoma
100%
Smallest AreaRhode Island
100%
Greatest % of Native American ResidentsSouth Dakota
100%
States With Least Populous CapitalSouth Dakota
100%
Most FarmlandSouth Dakota
100%
Biggest CityTexas
100%
Largest PopulationTexas
100%
States With Most Populous CapitalTexas
100%
Largest AreaTexas
100%
Most DesertTexas
100%
Longest International BorderTexas
100%
Most Crude Oil ProductionTexas
100%
Greatest % of White ResidentsVermont
100%
States With Least Populous CapitalVermont
100%
Greatest % of White ResidentsWest Virginia
100%
Last AlphabeticallyWest Virginia
100%
Last AlphabeticallyWisconsin
100%
States With Most Populous CapitalColorado
93%
First AlphabeticallyArkansas
92%
First AlphabeticallyCalifornia
92%
Least FarmlandAlaska
91%
Longest CoastlineAlaska
91%
Biggest CityArizona
91%
Shortest International BorderCalifornia
91%
Greatest % of African-American ResidentsGeorgia
91%
Least FarmlandMaine
91%
Greatest % of African-American ResidentsMaryland
91%
Least FarmlandMassachusetts
91%
Shortest International BorderNew Hampshire
91%
Lowest Population DensityNorth Dakota
91%
Lowest Population DensitySouth Dakota
91%
Shortest International BorderVermont
91%
Lowest Population DensityWyoming
91%
Greatest % of Native American ResidentsMontana
90%
Greatest % of Native American ResidentsNew Mexico
90%
Most Crude Oil ProductionNorth Dakota
90%
Greatest % of White ResidentsMaine
89%
Greatest % of White ResidentsMontana
89%
Largest PopulationPennsylvania
89%
Last AlphabeticallyVirginia
88%
Last AlphabeticallyWashington
88%
Last AlphabeticallyWyoming
88%
States With Most Populous CapitalIndiana
87%
States With Least Populous CapitalMaine
86%
Oldest Median AgeMaine
86%
Smallest AreaNew Jersey
86%
Oldest Median AgeWest Virginia
86%
Youngest Median AgeNebraska
83%
Most DesertNevada
83%
Youngest Median AgeNorth Dakota
83%
Youngest Median AgeTexas
83%
Youngest Median AgeUtah
83%
Longest CoastlineLouisiana
82%
Lowest Population DensityMontana
82%
Longest International BorderAlaska
80%
Most FarmlandIowa
80%
Longest International BorderMichigan
80%
Longest International BorderMinnesota
80%
Most Crude Oil ProductionNew Mexico
80%
Most Crude Oil ProductionOklahoma
80%
Smallest PopulationNorth Dakota
75%
Smallest PopulationVermont
75%
Smallest PopulationWyoming
75%
Shortest International BorderIdaho
73%
Least FarmlandNevada
73%
Least FarmlandNew Hampshire
73%
States With Least Populous CapitalKentucky
71%
Largest AreaMontana
71%
Oldest Median AgeNew Hampshire
71%
Oldest Median AgeVermont
71%
Most Crude Oil ProductionColorado
70%
Smallest PopulationSouth Dakota
63%
Most FarmlandNebraska
60%
Shortest International BorderPennsylvania
55%

Score Distribution

Percentile by Number Answered

Percent of People with Each Score

Your Score History

You have not taken this quiz